Hrajeme špatnou kartou

V rámci prebiehajúcich jednaní o vstupu Českej republiky do EÚ, Česko trvá na zachovaní colnej únie medzi ČR a SR. Prekážky vo vzájomnom obchode zavedené slovenskou stranou v rokoch 1993-1999. Prekážky vo vzájomnom obchode zavedené českou stranou v rokoch 1993-1999.

Salvato in:
Dettagli Bibliografici
Autore principale: Lukáš, Zdeněk
Natura: Capitolo di libro
Lingua:ceco
Soggetti:
Tags: Aggiungi Tag
Nessun Tag, puoi essere il primo ad aggiungerne!!

MARC

LEADER 00000naa a2200000 4500
001 r036503
005 20230920100212.9
041 0 |a cze 
044 |a CZ 
245 1 0 |a Hrajeme špatnou kartou  |c Zdeněk Lukáš 
520 |a V rámci prebiehajúcich jednaní o vstupu Českej republiky do EÚ, Česko trvá na zachovaní colnej únie medzi ČR a SR. Prekážky vo vzájomnom obchode zavedené slovenskou stranou v rokoch 1993-1999. Prekážky vo vzájomnom obchode zavedené českou stranou v rokoch 1993-1999. 
610 2 0 |a únie colné 
610 2 0 |a Česko 
610 2 0 |a Slovensko 
610 2 0 |a Európska únia 
610 2 0 |a obchod zahraničný 
610 2 0 |a kompromis 
100 1 |a Lukáš, Zdeněk